Ранозаживляющее действие экстракта сфагнового мха; Военно-медицинский журнал; Т. 328, № 12

Bibliographic Details
Parent link:Военно-медицинский журнал: научный журнал.— , 1973-
Т. 328, № 12.— 2007.— [С. 41-42]
Other Authors: Дмитрук В. Н., Ахмеджанов Р. Р. Рафик Равильевич, Белоусов М. В. Михаил Валерьевич, Юсубов М. С. Мехман Сулейман-оглы (Сулейманович), Дмитрук С. Е.
Summary:Заглавие с экрана
Согласно данным литературы и сведениям народной медицины сфагновые (болотные) мхи издавна использовали в качестве эффективного наружного средства для лечения раневой патологии, в особенности для заживления гнойных ран. Целью данного исследования явилось изучение влияния 3% мази (мазевая основа: ПЭГ 400 - ПЭГ 1500) 20% водно-этанольного экстракта Sphagnum fuscum на динамику ранозаживления у крыс.
Режим доступа: по договору с организацией-держателем ресурса
Language:Russian
Published: 2007
Subjects:
Online Access:http://elibrary.ru/item.asp?id=9915871
Format: MixedMaterials Electronic Book Chapter
KOHA link:https://koha.lib.tpu.ru/cgi-bin/koha/opac-detail.pl?biblionumber=649292

MARC

LEADER 00000naa0a2200000 4500
001 649292
005 20250304103330.0
035 |a (RuTPU)RU\TPU\network\14454 
035 |a RU\TPU\network\12091 
090 |a 649292 
100 |a 20160629d2007 k||y0rusy50 ca 
101 0 |a rus 
102 |a RU 
135 |a drcn ---uucaa 
181 0 |a i  
182 0 |a b 
200 1 |a Ранозаживляющее действие экстракта сфагнового мха  |f В. Н. Дмитрук [и др.] 
203 |a Текст  |c электронный 
300 |a Заглавие с экрана 
330 |a Согласно данным литературы и сведениям народной медицины сфагновые (болотные) мхи издавна использовали в качестве эффективного наружного средства для лечения раневой патологии, в особенности для заживления гнойных ран. Целью данного исследования явилось изучение влияния 3% мази (мазевая основа: ПЭГ 400 - ПЭГ 1500) 20% водно-этанольного экстракта Sphagnum fuscum на динамику ранозаживления у крыс. 
333 |a Режим доступа: по договору с организацией-держателем ресурса 
461 |t Военно-медицинский журнал  |o научный журнал  |d 1973- 
463 |t Т. 328, № 12  |v [С. 41-42]  |d 2007 
610 1 |a труды учёных ТПУ 
610 1 |a электронный ресурс 
610 1 |a исследование 
610 1 |a животные 
610 1 |a экстракты 
610 1 |a патологии 
610 1 |a раны 
610 1 |a заживление 
701 1 |a Дмитрук  |b В. Н. 
701 1 |a Ахмеджанов  |b Р. Р.  |c специалист в области экологии и безопасности жизнедеятельности  |c профессор Томского политехнического университета, доктор биологических наук  |f 1964-  |g Рафик Равильевич  |3 (RuTPU)RU\TPU\pers\27757  |9 12818 
701 1 |a Белоусов  |b М. В.  |c химик  |c профессор Томского политехнического университета, доктор фармацевтических наук  |f 1963-  |g Михаил Валерьевич  |3 (RuTPU)RU\TPU\pers\44498  |9 21812 
701 1 |a Юсубов  |b М. С.  |c химик  |c профессор Томского политехнического университета, доктор химических наук  |f 1961-  |g Мехман Сулейман-оглы (Сулейманович)  |3 (RuTPU)RU\TPU\pers\28058  |9 13020 
701 1 |a Дмитрук  |b С. Е. 
801 2 |a RU  |b 63413507  |c 20191023  |g RCR 
856 4 |u http://elibrary.ru/item.asp?id=9915871 
942 |c CF